[Event "XXVI Festival A"]
[Site "Porto San Giorgio ITA"]
[Date "2015.08.25"]
[Round "4"]
[White "Carnicelli, Valerio"]
[Black "Gilevych, Artem"]
[WhiteElo "2149"]
[BlackElo "2409"]
[Result "0-1"]
[PlyCount "66"]
[EventDate "2015.08.22"]

1. e4 Nc6 2. d4 d5 3. Nc3 Nf6 4. e5 Nd7 5. Nf3 Nb6 6. h3 Bf5 7. Bd3 Bxd3 8.
Qxd3 e6 9. O-O Be7 10. Nh2 Qd7 11. a3 O-O-O 12. f4 f5 13. Ne2 h6 14. b3 g5 15.
Be3 gxf4 16. Nxf4 Bg5 17. Qe2 Rdg8 18. Kh1 Bxf4 19. Rxf4 Nd8 20. Bd2 Nf7 21. h4
Qc6 22. Rc1 Rg7 23. Rf2 Qd7 24. a4 Kb8 25. Qb5 Qd8 26. Nf3 a6 27. Qe2 Rg4 28.
a5 Nc8 29. c4 Ne7 30. Rg1 dxc4 31. bxc4 Qxd4 32. Rc1 Qe4 33. Be3 Nc6 0-1

[Event "XXVI Festival A"]
[Site "Porto San Giorgio ITA"]
[Date "2015.08.25"]
[Round "4"]
[White "De Santis, Alessio"]
[Black "Rinaudo, Sergio"]
[WhiteElo "2291"]
[BlackElo "2087"]
[Result "1-0"]
[PlyCount "86"]
[EventDate "2015.08.22"]

1. Nf3 d5 2. c4 e6 3. e3 Nf6 4. b3 c5 5. Bb2 Nc6 6. d3 Be7 7. Nbd2 O-O 8. Be2
b6 9. O-O d4 10. exd4 cxd4 11. a3 a5 12. Re1 e5 13. Bf1 Bd6 14. g3 Qc7 15. Bg2
Bf5 16. Qe2 Rae8 17. Nh4 Bg4 18. Qf1 Re7 19. Bc1 Nd7 20. h3 Be6 21. g4 Nc5 22.
Rb1 Ree8 23. Ne4 Nxe4 24. Bxe4 Ne7 25. Nf5 Ng6 26. Qg2 f6 27. b4 axb4 28. axb4
Bxf5 29. gxf5 Nf4 30. Bxf4 exf4 31. b5 Re5 32. Ra1 g5 33. Ra6 Bb4 34. Rea1 Ba5
35. Qf3 Rfe8 36. Kg2 Kg7 37. h4 Kh8 38. hxg5 fxg5 39. Rh1 R5e7 40. f6 g4 41.
Qxg4 Rg8 42. Qxg8+ Kxg8 43. Ra8+ Kf7 1-0

[Event "XXVI Festival A"]
[Site "Porto San Giorgio ITA"]
[Date "2015.08.25"]
[Round "4"]
[White "Drasko, Milan"]
[Black "Aleksic, Nenad"]
[WhiteElo "2439"]
[BlackElo "2337"]
[Result "1/2-1/2"]
[PlyCount "21"]
[EventDate "2015.08.22"]

1. d4 Nf6 2. c4 g6 3. Nf3 Bg7 4. Nc3 O-O 5. e4 d6 6. Be2 Bg4 7. Be3 Nfd7 8. Ng1
Bxe2 9. Ngxe2 e5 10. O-O Nc6 11. f3 1/2-1/2

[Event "XXVI Festival A"]
[Site "Porto San Giorgio ITA"]
[Date "2015.08.25"]
[Round "4"]
[White "Lantini, Marco"]
[Black "Rinaudo, Andrea"]
[WhiteElo "2115"]
[BlackElo "2017"]
[Result "0-1"]
[PlyCount "50"]
[EventDate "2015.08.22"]

1. d4 d5 2. c4 e6 3. Nc3 Nf6 4. cxd5 exd5 5. Bg5 Be7 6. e3 c6 7. Bd3 Nbd7 8.
Nge2 h6 9. Bh4 O-O 10. f3 c5 11. Bf2 b6 12. Qd2 a5 13. O-O Re8 14. Bb5 Ba6 15.
Bxa6 Rxa6 16. Nf4 cxd4 17. Qxd4 Bc5 18. Qd3 Ra8 19. Rad1 Ne5 20. Qb5 Rb8 21.
Nfxd5 Nxd5 22. Rxd5 Qe7 23. Ne4 Ng4 24. Rd7 Qe5 25. Qb3 Qxh2# 0-1

[Event "XXVI Festival A"]
[Site "Porto San Giorgio ITA"]
[Date "2015.08.25"]
[Round "4"]
[White "Marsili, Riccardo"]
[Black "Cardili, Mariano"]
[WhiteElo "2194"]
[BlackElo "2093"]
[Result "1-0"]
[PlyCount "94"]
[EventDate "2015.08.22"]

1. c4 c6 2. g3 d5 3. Bg2 Nf6 4. Nf3 Bf5 5. Qb3 Qb6 6. d3 e6 7. Be3 Qxb3 8. axb3
a6 9. Nc3 Nbd7 10. cxd5 exd5 11. Nd4 Bg6 12. Nc2 Bd6 13. b4 O-O 14. h3 Rfe8 15.
Kd2 Rad8 16. Na4 Nh5 17. Nc5 Nxc5 18. bxc5 Bb8 19. Ra4 f5 20. g4 f4 21. Bd4 Nf6
22. Bf3 Nd7 23. Rha1 Ne5 24. Rb4 Nxf3+ 25. exf3 Rd7 26. Ra3 Kf8 27. Rab3 Ree7
28. Bc3 Ke8 29. h4 h6 30. Ne1 Bh7 31. Ng2 Ba7 32. Bd4 Bb8 33. h5 Kd8 34. Ra4
Kc8 35. Ra1 Re6 36. Rb4 Rde7 37. Re1 Rxe1 38. Nxe1 Bc7 39. Ra4 Bb8 40. Ng2 Kd7
41. Ra1 Ke8 42. Rg1 Kf7 43. Nh4 Bc7 44. Bc3 g5 45. hxg6+ Bxg6 46. Rh1 Re6 47.
Nf5 Be5 1-0

[Event "XXVI Festival A"]
[Site "Porto San Giorgio ITA"]
[Date "2015.08.25"]
[Round "4"]
[White "Privitera, Franco"]
[Black "Foglia, Maurizio"]
[WhiteElo "2093"]
[BlackElo "2148"]
[Result "1-0"]
[PlyCount "55"]
[EventDate "2015.08.22"]

1. d4 d5 2. c4 dxc4 3. Nf3 a6 4. a4 Nf6 5. e3 Bf5 6. Bxc4 e6 7. Nc3 Nc6 8. O-O
Be7 9. h3 h6 10. Qe2 Ne4 11. Rd1 O-O 12. d5 Nxc3 13. bxc3 exd5 14. Bxd5 Qe8 15.
e4 Bf6 16. Ba3 Bxc3 17. Rac1 Bf6 18. Bxf8 Kxf8 19. Qc4 Bd7 20. Bxf7 Qe7 21. Bg6
Be6 22. Qc2 Rc8 23. Rb1 Nb4 24. Qd2 a5 25. e5 Bg5 26. Nxg5 hxg5 27. Qe2 Nd5 28.
Qf3+ 1-0

[Event "XXVI Festival A"]
[Site "Porto San Giorgio ITA"]
[Date "2015.08.25"]
[Round "4"]
[White "Vezzosi, Paolo"]
[Black "Viviani, Alessio"]
[WhiteElo "2347"]
[BlackElo "2273"]
[Result "0-1"]
[PlyCount "80"]
[EventDate "2015.08.22"]

1. e4 c5 2. Nf3 d6 3. Bb5+ Bd7 4. Bxd7+ Nxd7 5. c4 Ngf6 6. Nc3 g6 7. O-O Bg7 8.
Qe2 O-O 9. b3 Nh5 10. Bb2 Nf4 11. Qe3 Ne6 12. Na4 Bxb2 13. Nxb2 Ne5 14. Ne1 Qa5
15. f4 Ng4 16. Qe2 Nf6 17. Nc2 Rad8 18. f5 Nc7 19. a4 Qb6 20. Rf3 e6 21. fxg6
fxg6 22. Raf1 Nd7 23. Rxf8+ Rxf8 24. Rxf8+ Nxf8 25. Qe3 Nd7 26. Nd1 Ne8 27. Nf2
Nef6 28. h3 Ne5 29. Qc3 Nh5 30. Ne1 Nc6 31. Nc2 Ne5 32. Nd3 Ng3 33. Nc1 Nxe4
34. Qe3 Nf6 35. Qf4 Kg7 36. Kf1 h6 37. d4 Nf7 38. Qe3 Ng5 39. h4 Nge4 40. Ne2
Qxb3 0-1

[Event "XXVI Festival A"]
[Site "Porto San Giorgio ITA"]
[Date "2015.08.26"]
[Round "5"]
[White "Aleksic, Nenad"]
[Black "Trasciatti, Mirko"]
[WhiteElo "2337"]
[BlackElo "1988"]
[Result "1/2-1/2"]
[PlyCount "39"]
[EventDate "2015.08.22"]

1. e4 e6 2. Nf3 d5 3. Nc3 dxe4 4. Nxe4 Bd7 5. d4 Bc6 6. Bd3 Nd7 7. O-O Ngf6 8.
Ng3 Bd6 9. Re1 O-O 10. c4 Bxf3 11. Qxf3 c5 12. Ne4 Be7 13. Nxf6+ Bxf6 14. Qe4
g6 15. Be3 cxd4 16. Bxd4 Bxd4 17. Qxd4 Qb6 18. Qc3 Nc5 19. Bc2 a5 20. Rad1
1/2-1/2

[Event "XXVI Festival A"]
[Site "Porto San Giorgio ITA"]
[Date "2015.08.26"]
[Round "5"]
[White "Baiocchi, Emanuele"]
[Black "Carnicelli, Valerio"]
[WhiteElo "2011"]
[BlackElo "2149"]
[Result "1/2-1/2"]
[PlyCount "49"]
[EventDate "2015.08.22"]

1. e4 e5 2. Nf3 Nc6 3. Bb5 f5 4. d3 fxe4 5. dxe4 Nf6 6. O-O Bc5 7. Qd3 d6 8.
Qc4 Qe7 9. Nc3 a6 10. Bxc6+ bxc6 11. Be3 Rb8 12. Bxc5 dxc5 13. b3 Rb4 14. Qd3
Nh5 15. Ne2 O-O 16. h3 g5 17. a3 Rb8 18. Qc3 Re8 19. g4 Nf4 20. Nxf4 gxf4 21.
Kg2 Qg7 22. Rg1 Kh8 23. Kf1 Qe7 24. Rd1 Rb5 25. Nxe5 1/2-1/2

[Event "XXVI Festival A"]
[Site "Porto San Giorgio ITA"]
[Date "2015.08.26"]
[Round "5"]
[White "Foglia, Maurizio"]
[Black "Vincenzi, Marco"]
[WhiteElo "2148"]
[BlackElo "2083"]
[Result "0-1"]
[PlyCount "80"]
[EventDate "2015.08.22"]

1. d4 Nf6 2. Bg5 Ne4 3. Bf4 c5 4. d5 Qb6 5. Nd2 Nxd2 6. Bxd2 Qxb2 7. e4 e6 8.
Nf3 Be7 9. Bc4 Qb6 10. Rb1 Qc7 11. O-O d6 12. Bc3 e5 13. Ne1 O-O 14. g4 Nd7 15.
Ng2 Bg5 16. Bd2 Qd8 17. f3 Re8 18. Bd3 Nf8 19. Bb5 Bd7 20. Bxd7 Nxd7 21. Bxg5
Qxg5 22. Rxb7 Nb6 23. a4 Nxa4 24. Qa1 Nb6 25. Rxa7 Qd2 26. c3 g6 27. Rb1 Rab8
28. Qa6 Nc4 29. Rab7 Rxb7 30. Qxb7 Qxc3 31. Qb5 Ra8 32. Nh4 Nd2 33. Re1 Nxf3+
34. Nxf3 Qxf3 35. Qe2 Qxe2 36. Rxe2 Kg7 37. g5 h6 38. h4 hxg5 39. hxg5 Rh8 40.
Ra2 Rh4 0-1

[Event "XXVI Festival A"]
[Site "Porto San Giorgio ITA"]
[Date "2015.08.26"]
[Round "5"]
[White "Giancotti, Eraldo"]
[Black "Drasko, Milan"]
[WhiteElo "2083"]
[BlackElo "2439"]
[Result "1/2-1/2"]
[PlyCount "93"]
[EventDate "2015.08.22"]

1. d4 e6 2. Nf3 Nf6 3. Bf4 b6 4. e3 Bb7 5. Nbd2 Be7 6. h3 O-O 7. Bd3 c5 8. c3
Nc6 9. O-O a6 10. a4 cxd4 11. exd4 d6 12. Qe2 h6 13. Rfe1 Re8 14. Ne4 Nd5 15.
Bh2 Bf8 16. Rad1 Qd7 17. Bb1 f5 18. Ned2 Rad8 19. Qd3 Nce7 20. Nc4 Ng6 21. Qc2
b5 22. axb5 axb5 23. Ncd2 Rc8 24. Qb3 Bc6 25. Bd3 b4 26. Ra1 bxc3 27. bxc3 Rb8
28. Qc2 Rec8 29. Bc4 Kh8 30. Bxd5 Bxd5 31. c4 Rb4 32. Rec1 Qb7 33. Qd3 Be4 34.
Qe2 Re8 35. Nxe4 Qxe4 36. Qd2 Qb7 37. Ra7 Qxa7 38. Qxb4 e5 39. dxe5 dxe5 40.
Qb5 Rb8 41. Qd5 Rb2 42. c5 Qxc5 43. Qxc5 Bxc5 44. Nxe5 Bxf2+ 45. Kf1 Nxe5 46.
Bxe5 Rb5 47. Bxg7+ 1/2-1/2

[Event "XXVI Festival A"]
[Site "Porto San Giorgio ITA"]
[Date "2015.08.26"]
[Round "5"]
[White "Gilevych, Artem"]
[Black "Marsili, Riccardo"]
[WhiteElo "2409"]
[BlackElo "2194"]
[Result "1/2-1/2"]
[PlyCount "116"]
[EventDate "2015.08.22"]

1. d4 Nf6 2. c4 e6 3. Nf3 b6 4. a3 c5 5. d5 Ba6 6. Qc2 exd5 7. cxd5 g6 8. Nc3
Bg7 9. e4 Bxf1 10. Kxf1 O-O 11. g3 d6 12. Kg2 Ng4 13. Bf4 a6 14. Rad1 Qe7 15.
h3 Ne5 16. Bxe5 Bxe5 17. Nxe5 Qxe5 18. f4 Qe7 19. Rhe1 Nd7 20. Qe2 f6 21. a4
Qg7 22. Qd3 Rfe8 23. Re2 Kh8 24. Rde1 g5 25. Kh2 gxf4 26. Qf3 Qh6 27. gxf4 c4
28. Nd1 Nc5 29. Nf2 Re7 30. Ng4 Qh4 31. e5 Nd3 32. Rf1 fxe5 33. fxe5 Nxe5 34.
Nxe5 Rxe5 35. Rxe5 dxe5 36. Qf5 Qe7 37. Qh5 Rf8 38. Rxf8+ Qxf8 39. Qxe5+ Kg8
40. Qg3+ Kf7 41. Qc7+ Ke8 42. Qc8+ Kf7 43. Qc7+ Kg8 44. Kg3 Qf1 45. Qd8+ Kf7
46. Qd7+ Kf8 47. Qd6+ Ke8 48. Qc6+ Kf8 49. Qd6+ Ke8 50. Qe5+ Kd8 51. Qg5+ Kd7
52. Qg4+ Kd6 53. Qe6+ Kc5 54. Qc6+ Kd4 55. d6 Qe1+ 56. Kh2 Qe5+ 57. Kg2 Qe2+
58. Kg3 Qe5+ 1/2-1/2

[Event "XXVI Festival A"]
[Site "Porto San Giorgio ITA"]
[Date "2015.08.26"]
[Round "5"]
[White "Rinaudo, Andrea"]
[Black "Vezzosi, Paolo"]
[WhiteElo "2017"]
[BlackElo "2347"]
[Result "0-1"]
[PlyCount "52"]
[EventDate "2015.08.22"]

1. e4 e6 2. d4 d5 3. exd5 exd5 4. Bd3 Nc6 5. c3 Bd6 6. Nf3 Nge7 7. Bg5 Bg4 8.
Nbd2 Qd7 9. Qc2 f6 10. Be3 O-O-O 11. O-O-O Bf5 12. Rde1 g5 13. Nb3 Bxd3 14.
Qxd3 Ng6 15. Qb5 a6 16. Qa4 Qg4 17. Rhg1 Nf4 18. Bxf4 Qxf4+ 19. Nbd2 g4 20. g3
Qf5 21. Nh4 Qxf2 22. Qd1 Rhe8 23. Qxg4+ Kb8 24. Ref1 Qe3 25. Qf3 Qg5 26. Qxf6
Re1+ 0-1

[Event "XXVI Festival A"]
[Site "Porto San Giorgio ITA"]
[Date "2015.08.26"]
[Round "5"]
[White "Rinaudo, Sergio"]
[Black "Privitera, Franco"]
[WhiteElo "2087"]
[BlackElo "2093"]
[Result "1-0"]
[PlyCount "63"]
[EventDate "2015.08.22"]

1. d4 d5 2. Nf3 c6 3. c4 Nf6 4. e3 e6 5. Nbd2 Bd6 6. Bd3 Nbd7 7. O-O O-O 8. e4
dxe4 9. Nxe4 Nxe4 10. Bxe4 Nf6 11. Bc2 Re8 12. Bg5 Bf8 13. Qd3 g6 14. Ne5 Be7
15. Qf3 h6 16. Bxh6 Qxd4 17. Nxg6 fxg6 18. Bxg6 Qh4 19. Bxe8 Qxh6 20. Bxc6 Bd6
21. h3 bxc6 22. Qxc6 Qf4 23. g3 Qe4 24. Qxd6 Bb7 25. f3 Qe3+ 26. Rf2 Bxf3 27.
Qd2 Qb6 28. Qg5+ Kf7 29. Qf4 Bb7 30. Qxf6+ Kg8 31. Re1 Rd8 32. c5 1-0

[Event "XXVI Festival A"]
[Site "Porto San Giorgio ITA"]
[Date "2015.08.26"]
[Round "5"]
[White "Romanishin, Oleg M."]
[Black "Begelman, Boris"]
[WhiteElo "2471"]
[BlackElo "2125"]
[Result "1-0"]
[PlyCount "49"]
[EventDate "2015.08.22"]

1. Nf3 c5 2. e4 d6 3. Bb5+ Bd7 4. c4 Nf6 5. Nc3 g6 6. O-O Bg7 7. d4 cxd4 8.
Nxd4 O-O 9. h3 a6 10. Bxd7 Nbxd7 11. b3 Ne5 12. Be3 Nc6 13. Rc1 Nxd4 14. Bxd4
Nd7 15. Bxg7 Kxg7 16. Qd4+ Kg8 17. Rfd1 Nb8 18. c5 Nc6 19. Qe3 Qa5 20. cxd6 e6
21. Na4 Qb4 22. e5 f6 23. exf6 Rxf6 24. Nc5 Nd8 25. d7 1-0

[Event "XXVI Festival A"]
[Site "Porto San Giorgio ITA"]
[Date "2015.08.26"]
[Round "5"]
[White "Rotoni, Matteo"]
[Black "Ciampi, Vincenzo"]
[WhiteElo "2118"]
[BlackElo "2008"]
[Result "1-0"]
[PlyCount "89"]
[EventDate "2015.08.22"]

1. e4 g6 2. d4 Bg7 3. Nc3 d6 4. Nf3 a6 5. a4 b6 6. Bc4 e6 7. O-O Ne7 8. Be3 h6
9. Ne2 Nd7 10. c3 Nf6 11. Bd3 Bb7 12. Ng3 d5 13. e5 Nd7 14. a5 bxa5 15. Rxa5
Nc6 16. Ra2 Nb6 17. Nd2 O-O 18. f4 a5 19. Qe2 a4 20. Bf2 f5 21. exf6 Qxf6 22.
Be3 h5 23. Nf3 h4 24. Nh1 h3 25. g3 Nc4 26. Bc1 N6a5 27. Rxa4 Nb3 28. Rb4 Nxc1
29. Rxc1 Bc6 30. b3 Nd6 31. Ne5 Be8 32. Nf2 g5 33. Nxh3 gxf4 34. Nxf4 Bh6 35.
Ng4 Qg5 36. Qxe6+ Kg7 37. Qxh6+ Qxh6 38. Nxh6 Kxh6 39. Nxd5 Bc6 40. Nf4 Ra2 41.
d5 Bd7 42. Re1 Rd2 43. Rd4 Nf5 44. Bxf5 Rxd4 45. Bxd7 1-0

[Event "XXVI Festival A"]
[Site "Porto San Giorgio ITA"]
[Date "2015.08.26"]
[Round "5"]
[White "Viviani, Alessio"]
[Black "De Santis, Alessio"]
[WhiteElo "2273"]
[BlackElo "2291"]
[Result "0-1"]
[PlyCount "64"]
[EventDate "2015.08.22"]

1. d4 Nf6 2. c4 c5 3. d5 e5 4. Nc3 d6 5. e4 Be7 6. Bd3 h6 7. h3 a6 8. f4 exf4
9. Bxf4 Nbd7 10. g4 Ne5 11. Nf3 Nfd7 12. O-O Bf6 13. Qe2 Qe7 14. Bc2 O-O 15.
Ne1 b5 16. cxb5 axb5 17. Nxb5 Ba6 18. Ng2 Bxb5 19. Qxb5 Rfb8 20. Qe2 Rxb2 21.
Ne3 Raxa2 22. Rxa2 Rxa2 23. Nf5 Qf8 24. h4 Qb8 25. Bxh6 Qb2 26. Rf2 gxh6 27.
Nxh6+ Kf8 28. g5 Bxg5 29. Nf5 Qc1+ 30. Kg2 Bxh4 31. Nxh4 Qg5+ 32. Kh3 Ra3+ 0-1

[Event "XXVI Festival A"]
[Site "Porto San Giorgio ITA"]
[Date "2015.08.27"]
[Round "6"]
[White "Begelman, Boris"]
[Black "Baiocchi, Emanuele"]
[WhiteElo "2125"]
[BlackElo "2011"]
[Result "1-0"]
[PlyCount "61"]
[EventDate "2015.08.22"]

1. d4 e6 2. Nf3 d5 3. c4 c6 4. e3 f5 5. Bd3 Bd6 6. O-O Nf6 7. b3 Qe7 8. a4 a5
9. Ba3 Na6 10. Bxd6 Qxd6 11. c5 Qc7 12. Bxa6 bxa6 13. Ne5 O-O 14. Nc3 Bd7 15.
Ne2 g5 16. Nc1 Be8 17. f4 g4 18. Ncd3 Rb8 19. Rb1 Ne4 20. Qc2 Rb4 21. Nf2 h5
22. Ned3 Bd7 23. Nxe4 fxe4 24. Nxb4 axb4 25. Qf2 a5 26. Qh4 Be8 27. Qg5+ Qg7
28. Qd8 Qa7 29. f5 exf5 30. Qg5+ Qg7 31. Rxf5 1-0

[Event "XXVI Festival A"]
[Site "Porto San Giorgio ITA"]
[Date "2015.08.27"]
[Round "6"]
[White "Bernardini, Tommaso"]
[Black "Rotoni, Matteo"]
[WhiteElo "1919"]
[BlackElo "2118"]
[Result "0-1"]
[PlyCount "68"]
[EventDate "2015.08.22"]

1. d4 Nf6 2. Nc3 d5 3. Bg5 Nbd7 4. e3 e6 5. f4 Bb4 6. Nf3 c5 7. Bxf6 Nxf6 8.
Bb5+ Bd7 9. Bxd7+ Nxd7 10. O-O Bxc3 11. bxc3 O-O 12. Rb1 Qc7 13. Nh4 Nf6 14. f5
e5 15. Rb5 b6 16. a4 cxd4 17. cxd4 Rac8 18. Qd3 e4 19. Qa3 Qxc2 20. Rb2 Qc3 21.
Rb3 Qc7 22. g3 Qd7 23. Ng2 Rc4 24. Nf4 Rxa4 25. Qb2 Rc8 26. Rb5 Rac4 27. g4 Rc2
28. Qb3 Nxg4 29. Rxd5 Qc7 30. f6 Nxh2 31. Rg5 Nf3+ 32. Rxf3 exf3 33. Rxg7+ Kh8
34. Qb4 Ra2 0-1

[Event "XXVI Festival A"]
[Site "Porto San Giorgio ITA"]
[Date "2015.08.27"]
[Round "6"]
[White "Drasko, Milan"]
[Black "Dobboletta, Alex"]
[WhiteElo "2439"]
[BlackElo "2078"]
[Result "1-0"]
[PlyCount "67"]
[EventDate "2015.08.22"]

1. Nf3 c5 2. g3 g6 3. Bg2 Bg7 4. O-O Nc6 5. c4 e6 6. Nc3 Nge7 7. d3 O-O 8. Bg5
h6 9. Bd2 d5 10. Rb1 b6 11. a3 a5 12. Qb3 d4 13. Na4 Rb8 14. e3 g5 15. exd4 g4
16. Ne1 Nxd4 17. Qd1 Bd7 18. Nc3 f5 19. Ne2 Nec6 20. Nf4 Qe8 21. b4 axb4 22.
axb4 Ne5 23. b5 Ng6 24. Nc2 Nxf4 25. Bxf4 e5 26. Re1 Qh5 27. Bxe5 Bxe5 28. Rxe5
Nf3+ 29. Bxf3 gxf3 30. Ne1 Rbe8 31. Qxf3 Qf7 32. Rxe8 Rxe8 33. Ng2 Bc8 34. Qc6
1-0

[Event "XXVI Festival A"]
[Site "Porto San Giorgio ITA"]
[Date "2015.08.27"]
[Round "6"]
[White "Marsili, Riccardo"]
[Black "Trasciatti, Mirko"]
[WhiteElo "2194"]
[BlackElo "1988"]
[Result "1/2-1/2"]
[PlyCount "46"]
[EventDate "2015.08.22"]

1. c4 e5 2. g3 Nf6 3. Bg2 Nc6 4. Nc3 Bb4 5. Nd5 Bc5 6. e3 O-O 7. Ne2 Nxd5 8.
cxd5 Ne7 9. O-O d6 10. b3 Bg4 11. f3 Bd7 12. Nc3 Qc8 13. Re1 Ng6 14. Bb2 f5 15.
Rc1 f4 16. Ne4 fxe3 17. Nxc5 exd2 18. Qxd2 dxc5 19. Rxc5 Bh3 20. Bxe5 Bxg2 21.
Rxc7 Nxe5 22. Rxg7+ Kxg7 23. Rxe5 Qc5+ 1/2-1/2

[Event "XXVI Festival A"]
[Site "Porto San Giorgio ITA"]
[Date "2015.08.27"]
[Round "6"]
[White "Privitera, Franco"]
[Black "Giancotti, Eraldo"]
[WhiteElo "2093"]
[BlackElo "2083"]
[Result "0-1"]
[PlyCount "78"]
[EventDate "2015.08.22"]

1. e4 c6 2. Nf3 d5 3. Nc3 Bg4 4. h3 Bxf3 5. Qxf3 e6 6. Be2 Nf6 7. O-O Be7 8. e5
Nfd7 9. Qg3 g6 10. d4 Qb6 11. Rd1 O-O 12. a3 Qc7 13. Bh6 Re8 14. f4 a6 15. f5
exf5 16. Bf4 Qd8 17. Bd3 Bh4 18. Qf3 Nf8 19. Ne2 Ne6 20. c3 Nd7 21. Bh2 Ng5 22.
Qf4 Nf8 23. Qf1 Ne4 24. Bf4 Ne6 25. Be3 Bg5 26. Qf3 Bxe3+ 27. Qxe3 Qh4 28. Rf1
Rf8 29. Rf3 Rae8 30. Raf1 Qe7 31. g4 fxg4 32. Rf6 N6g5 33. Bxe4 Nxe4 34. Qh6
Qd7 35. R1f4 Re6 36. h4 Qe7 37. Rxe4 dxe4 38. Nf4 Rxf6 39. Nh5 Re6 0-1

[Event "XXVI Festival A"]
[Site "Porto San Giorgio ITA"]
[Date "2015.08.27"]
[Round "6"]
[White "Santinelli, Michele"]
[Black "Carnicelli, Valerio"]
[WhiteElo "1934"]
[BlackElo "2149"]
[Result "1-0"]
[PlyCount "87"]
[EventDate "2015.08.22"]

1. d4 d5 2. Bg5 c6 3. Nf3 Nd7 4. Nbd2 Ngf6 5. e3 h6 6. Bh4 e6 7. h3 Bd6 8. e4
dxe4 9. Nxe4 Be7 10. Nxf6+ Nxf6 11. Bd3 b6 12. c3 Bb7 13. Qa4 O-O 14. O-O-O b5
15. Qb3 a5 16. Rhe1 a4 17. Qc2 b4 18. c4 b3 19. axb3 a3 20. bxa3 Bxa3+ 21. Kb1
Bb4 22. Re5 c5 23. Qb2 Bxf3 24. gxf3 cxd4 25. Be4 Nxe4 26. Bxd8 Nc3+ 27. Kc2
Nxd1 28. Kxd1 Bc3 29. Qc2 Ra1+ 30. Ke2 Re1+ 31. Kd3 Rxe5 32. Bb6 Ba1 33. c5 Rf5
34. Ke4 g5 35. Qd3 Rd5 36. f4 f5+ 37. Kf3 gxf4 38. b4 Kh7 39. c6 e5 40. Qc4 Rd6
41. Bc7 e4+ 42. Kxf4 Rg6 43. Be5 e3 44. fxe3 1-0

[Event "XXVI Festival A"]
[Site "Porto San Giorgio ITA"]
[Date "2015.08.27"]
[Round "6"]
[White "Vezzosi, Paolo"]
[Black "Rinaudo, Sergio"]
[WhiteElo "2347"]
[BlackElo "2087"]
[Result "1-0"]
[PlyCount "97"]
[EventDate "2015.08.22"]

1. Nf3 d5 2. c4 e6 3. g3 Nf6 4. Bg2 Be7 5. b3 c5 6. e3 Nc6 7. O-O O-O 8. Bb2 b6
9. Qe2 Bb7 10. Rd1 Qc7 11. Nc3 Rac8 12. cxd5 exd5 13. d4 Rfd8 14. Ne5 cxd4 15.
exd4 Bb4 16. Rac1 Qe7 17. Bh3 Ra8 18. Qb5 Nxd4 19. Rxd4 Bxc3 20. Bxc3 Qxe5 21.
Rf4 Qe8 22. Qd3 Ne4 23. Bd4 Ng5 24. Bf5 Bc8 25. Rg4 Bxf5 26. Qxf5 h6 27. Bxg7
Kxg7 28. h4 Qe6 29. Qxe6 fxe6 30. hxg5 hxg5 31. Rxg5+ Kf6 32. f4 Rac8 33. Re1
Rc2 34. Rge5 Rd6 35. R1e2 Rdc6 36. Rxe6+ Kf5 37. Kf2 Kg4 38. Rxc6 Rxc6 39. Rd2
Rc3 40. Rxd5 Rf3+ 41. Ke2 Rc3 42. Rg5+ Kh3 43. f5 Rc2+ 44. Ke3 Rxa2 45. f6 Ra1
46. Rf5 Re1+ 47. Kf2 Re8 48. f7 Rf8 49. Kf3 1-0

[Event "XXVI Festival A"]
[Site "Porto San Giorgio ITA"]
[Date "2015.08.27"]
[Round "6"]
[White "Vincenzi, Marco"]
[Black "Aleksic, Nenad"]
[WhiteElo "2083"]
[BlackElo "2337"]
[Result "0-1"]
[PlyCount "86"]
[EventDate "2015.08.22"]

1. d4 Nf6 2. c4 e6 3. Nf3 b6 4. a3 Ba6 5. Qc2 Bb7 6. Nc3 c5 7. e4 cxd4 8. Nxd4
Bc5 9. Nb3 Nc6 10. Bf4 e5 11. Bg5 h6 12. Bh4 a5 13. Be2 O-O 14. O-O Be7 15.
Bxf6 Bxf6 16. Rad1 a4 17. Na1 Nd4 18. Qd3 Bc6 19. Nc2 Nxc2 20. Qxc2 Be7 21. Rd3
Bc5 22. Rg3 Qe7 23. Qd2 Kh8 24. Bd1 Bd4 25. Ne2 Bc5 26. Nc3 Qd6 27. Qe2 Bd4 28.
Qg4 g6 29. Rh3 Kg7 30. Ne2 Rh8 31. Ng3 Kf8 32. Qe2 h5 33. Qd2 h4 34. Qg5 Qe7
35. Qg4 d6 36. Qf3 Bd7 37. Nf5 gxf5 38. exf5 e4 39. Qf4 Qe5 40. Rxh4 Qxf4 41.
Rxf4 Be5 42. Rxe4 Bxh2+ 43. Kh1 Bxf5 0-1

[Event "XXVI Festival A"]
[Site "Porto San Giorgio ITA"]
[Date "2015.08.27"]
[Round "6"]
[White "Viviani, Alessio"]
[Black "Romanishin, Oleg M."]
[WhiteElo "2273"]
[BlackElo "2471"]
[Result "1-0"]
[PlyCount "61"]
[EventDate "2015.08.22"]

1. b3 e5 2. Bb2 d6 3. Nf3 Nf6 4. c4 g6 5. g3 Bg7 6. Bg2 O-O 7. O-O c5 8. Nc3
Nc6 9. e3 Bf5 10. d4 e4 11. Ne1 Re8 12. Nc2 Qc8 13. Nb5 Rd8 14. d5 Ne7 15. f3
a6 16. fxe4 Nxe4 17. Bxg7 Kxg7 18. Bxe4 axb5 19. Bxf5 Nxf5 20. e4 Nh6 21. cxb5
Re8 22. Qf3 c4 23. Ne3 cxb3 24. Rac1 Qd7 25. axb3 Ra2 26. Qf6+ Kg8 27. Rf4 Re2
28. Nc4 Qxb5 29. Nxd6 Qxb3 30. Nxe8 Qe3+ 31. Kf1 1-0

[Event "XXVI Festival A"]
[Site "Porto San Giorgio ITA"]
[Date "2015.08.28"]
[Round "7"]
[White "Aleksic, Nenad"]
[Black "De Santis, Alessio"]
[WhiteElo "2337"]
[BlackElo "2291"]
[Result "1/2-1/2"]
[PlyCount "25"]
[EventDate "2015.08.22"]

1. e4 d5 2. exd5 Qxd5 3. Nc3 Qd6 4. d4 Nf6 5. Nf3 a6 6. g3 Bg4 7. Bg2 Nc6 8.
Be3 O-O-O 9. h3 Bh5 10. Qe2 e6 11. O-O Be7 12. a3 Nd5 13. Nxd5 1/2-1/2

[Event "XXVI Festival A"]
[Site "Porto San Giorgio ITA"]
[Date "2015.08.28"]
[Round "7"]
[White "Carnicelli, Valerio"]
[Black "Messina, Roberta"]
[WhiteElo "2149"]
[BlackElo "2012"]
[Result "1/2-1/2"]
[PlyCount "76"]
[EventDate "2015.08.22"]

1. e4 e6 2. d4 d5 3. Nc3 Nc6 4. Nf3 Nf6 5. e5 Ne4 6. Bd3 Bb4 7. O-O Nxc3 8.
bxc3 Bxc3 9. Rb1 Nb4 10. Rb3 Nxd3 11. Qxd3 Ba5 12. Ba3 Bd7 13. c4 Bc6 14. c5 a6
15. Qe3 Bb5 16. Rfb1 c6 17. Bb4 Bxb4 18. Rxb4 a5 19. R4b3 a4 20. Ra3 O-O 21.
Re1 Qe7 22. Qf4 b6 23. Rc3 Bc4 24. Nd2 bxc5 25. Nxc4 cxd4 26. Qxd4 dxc4 27.
Qxc4 Rfc8 28. Rd1 Ra5 29. f4 h6 30. Rd6 Qa7+ 31. Kh1 Qf2 32. Rf3 Rc5 33. Rxf2
Rxc4 34. g3 Rb8 35. Rd3 Rc1+ 36. Kg2 c5 37. Rdd2 a3 38. Kh3 c4 1/2-1/2

[Event "XXVI Festival A"]
[Site "Porto San Giorgio ITA"]
[Date "2015.08.28"]
[Round "7"]
[White "Ciampi, Vincenzo"]
[Black "Privitera, Franco"]
[WhiteElo "2008"]
[BlackElo "2093"]
[Result "1-0"]
[PlyCount "91"]
[EventDate "2015.08.22"]

1. e4 e6 2. d3 d5 3. Nd2 c5 4. Ngf3 Nc6 5. g3 Bd6 6. Bg2 Nge7 7. O-O O-O 8. Re1
Qc7 9. Qe2 f6 10. c3 Bd7 11. exd5 exd5 12. Nf1 Rfe8 13. Qd1 Nf5 14. Ne3 Nxe3
15. Bxe3 Ne7 16. d4 c4 17. Nh4 g5 18. Nf3 Kg7 19. Qd2 h6 20. h4 Nf5 21. hxg5
hxg5 22. Bxg5 Bxg3 23. Bxf6+ Kf7 24. Be5 Bxe5 25. Nxe5+ Kf6 26. Qf4 Qd8 27. Re3
Rg8 28. Kf1 Be6 29. Ng4+ Rxg4 30. Rxe6+ Kxe6 31. Qxg4 Qf6 32. Bh3 Rf8 33. Re1+
Kd6 34. Qf4+ Kc6 35. Re5 Qh4 36. Qxh4 Nxh4 37. Rh5 Nf3 38. Rf5 Rxf5 39. Bxf5 b5
40. Ke2 Ng5 41. Ke3 a5 42. Kf4 Nf7 43. Be6 Nh8 44. Kf5 b4 45. a4 Kd6 46. Kf6
1-0